1510 1284 1533 1303 1886 1363 1657 1958 1204 1548 1780 1783 1253 1760 1542 1485 1171 1153 1414 1377 1313 1066 1618 1090 1701 1861 1275 1574 1886 1935 1534 1479 1189 1409 1088 1904 1526 1372 1995 1967 1100 1176 1470 1906 1083 1783 1259 1322 1895 1052 1518 1385 1927 1188 1220 1616 1982 1697 1543 1806 1442 1244 1850 1149 1298 1727 1158 1862 1870 1005 1204 1410 1413 1637 1709 1583 1031 1852 1393 1626 1203 1508 1465 1446 1420 1424 1072 1811 1942 1442 1890 1802 1852 1803 1656 1937 1781 1221 1815 BCNSPRNW ULIB Ver.6.0+V

เปลี่ยนเป็นภาษาไทย

Change to English
 แสดงรายละเอียดบรรณานุกรม
  กลับหน้าหลัก

Brief Record : Get Marc (ISO 2709) : E-mail record : QR code < ปิดหน้าต่าง
LEADER : 00000nam a2200000Ia 4500
001    13399128122
003     ULIB
008    220326s2564 th a b 001 0 tha d
020    ^a9786164435308
040    ^abpy
060 04 ^aW20.5^bต367
245 00 ^aตำราการวิจัยทางคลินิก =^bTextbook of clinical research /^cพรรณี ปิติสุทธิธรรม, ชยันต์ พิเชียรสุนทร, บรรณาธิการ
246 31 ^aTextbook of clinical research
250    ^aพิมพ์ครั้งที่ 5 ฉบับปรับปรุงใหม่
260    ^aนนทบุรี :^bคณะเวชศาสตร์เขตร้อน มหาวิทยาลัยมหิดล,^c2564
300    ^a660 หน้า :^bภาพประกอบ ;^c25 ซม.
500    ^aผู้นิพนธ์สังกัดมหาวิทยาลัยมหิดล : จรณิต แก้วกังวาล, จิตติมา ฐิตวัฒน์, ดวงใจสหัสสานนท์, เบ็ญจลักษณ์ ผลรัตน์, ประตาป สิงหศิวานนท์, พรรณี ปิติสุทธิธรรม, วารุณี เทศะกรณ์, วิชัย โชควิวัฒน, วิภา ธนาชาติเวทย์, วิรัชเมฆอนันต์ธวัช, สุพัฒน์ ชำนาญชานันท์
504    ^aมีบรรณานุกรมและดัชนี
505 0  ^aการทดสอบทางคลินิกและคณภาพ -- จริยธรรมในการวิจัยทางคลินิก --แนวทางการวิจัยทางคลินิกที่ดี -- การเขียนโครงร่างการวิจัยทางคลินิก --รูปแบบการวิจัยทางคลินิก -- ขนาดกลุ่มตัวอย่างในการวิจัยคลินิก --การสุ่มตัวอย่างและการปกปิด -- พื้นฐานสถิติที่ใช้ในการวิจัยทางคลินิก --การขอความยินยอม --การจัดทำเอกสารวิธีและวิธีดำเนินการมาตรฐานงานวิจัย --การเก็บรวบรวมข้อมูล -- การรายงานความปลอดภัย --การดูแลจัดการตัวอย่างสิ่งส่งตรวจทางห้องปฏิบิติการ --การบริหารจัดการผลิตภัณฑ์และเครื่องมือที่ใช้ในการวิจัย --การประเมินผลการทดสอบวินิจฉัยโรค -- การวิจัยวัคซีนทางคลินิก --การบริหารจัดการข้อมูลในงานวิจัยทางคลินิก --กระบวนการวิเคราะห์ข้อมูลและตรวจสอบผลการวิจัย --การกำกับดูแลการวิจัยทางคลินิก -- การตรวจสอบการวิจัยทางคลินิก --การเตรียมรองรับการตรวจตราการวิจัย
650  2 ^aMedicine^xresearch^xMethodology
650  4 ^aการแพทย์^xวิจัย^xวิธีวิทยา
650  4 ^aวิจัย^xวิธีวิทยา
700 0  ^aพรรณี ปิติสุทธิธรรม,^eบรรณาธิการ
700 0  ^aชยันต์ พิเชียรสุนทร,^eบรรณาธิการ
700 0  ^aจรณิต แก้วกังวาล
700 0  ^aจิตติมา ฐิตวัฒน์
700 0  ^aดวงใจ สหัสสานนท์
700 0  ^aเบ็ญจลักษณ์ ผลรัตน์
700 0  ^aประตาป สิงหศิวานนท์
700 0  ^aพรรณี ปิติสุทธิธรรม
700 0  ^aวารุณี เทศะกรณ์
700 0  ^aวิชัย โชควิวัฒน์
700 0  ^aวิภา ธนาชาติเวทย์
700 0  ^aวิรัช เมฆอนันต์ธวัช
700 0  ^aสุพัฒน์ ชำนาญชานันท์
710 2  ^aมหาวิทยาลัยมหิดล.^bคณะเวชศาสตร์เขตร้อน
945    ^p450^l0^i29381
945    ^p450^l0^i29382
945    ^p450^l0^i29383
945    ^p450^l0^i29384
945    ^p450^l0^i29385
995    ^aกัณชพร จุลอักษร
999    ^aกัณชพร
รายการนี้ยังไม่มีแท็ก
คุณยังไม่ได้ล็อกอิน คุณสามารถมีกิจกรรมร่วมกับเว็บไซต์ได้ แต่ต้องล็อกอินก่อน ::
  ล็อกอิน

รายการสื่อสารสนเทศ

ลำดับที่ ประเภท เลขเรียก/บาร์โค้ด สถานที่ สถานะ
1. หนังสือสำรอง
หนังสือสำรอง
W20.5 ต367 ฉ.1 
  Barcode: 29381
ห้องสมุดวิทยาเขตนครสวรรค์
►หนังสือทั่วไป:l:General Books
บนชั้น
2. วิทยาศาสตร์การแพทย์ และสุขภาพ
วิทยาศาสตร์การแพทย์ และสุขภาพ
W20.5 ต367 ฉ.2 
  Barcode: 29382
ห้องสมุดวิทยาเขตนครสวรรค์
►หนังสือทั่วไป:l:General Books
บนชั้น
3. วิทยาศาสตร์การแพทย์ และสุขภาพ
วิทยาศาสตร์การแพทย์ และสุขภาพ
W20.5 ต367 ฉ.3 
  Barcode: 29383
ห้องสมุดวิทยาเขตนครสวรรค์
►หนังสือทั่วไป:l:General Books
บนชั้น
4. วิทยาศาสตร์การแพทย์ และสุขภาพ
วิทยาศาสตร์การแพทย์ และสุขภาพ
W20.5 ต367 ฉ.4 
  Barcode: 29384
ห้องสมุดวิทยาเขตนครสวรรค์
►หนังสือทั่วไป:l:General Books
บนชั้น
5. วิทยาศาสตร์การแพทย์ และสุขภาพ
วิทยาศาสตร์การแพทย์ และสุขภาพ
W20.5 ต367 ฉ.5 
  Barcode: 29385
ห้องสมุดวิทยาเขตนครสวรรค์
►หนังสือทั่วไป:l:General Books
บนชั้น

BibComment


ยังไม่เคยถูกคอมเมนท์

คอมเมนท์ทรัพยากรรายการนี้
  คอมเมนท์: ตำราการวิจัยทางค..


 Copyright 2026. Bcnsprnw @Library